|
|
|
|
| LEADER |
02302nam a2200529 a 4500 |
| 001 |
29037 |
| 003 |
BD-DhAAL |
| 005 |
20150321111632.0 |
| 008 |
150321s2012 paua sb 000 0 eng d |
| 020 |
|
|
|z 9781613630167 (pbk.)
|
| 020 |
|
|
|a 9781613630150 (Ebook)
|
| 035 |
|
|
|a (CtWfDGI)bkb00047593
|
| 035 |
|
|
|a (OCoLC)797846161
|
| 035 |
|
|
|a 7918530
|
| 040 |
|
|
|a CtWfDGI
|c CtWfDGI
|d NIC
|
| 050 |
1 |
4 |
|a HF5415.5
|b .F33 2012eb
|
| 082 |
0 |
4 |
|a 658.812
|2 23
|
| 100 |
1 |
|
|a Fader, Peter.
|9 9992
|
| 245 |
1 |
0 |
|a Customer centricity :
|b focus on the right customers for strategic advantage /
|c Peter Fader.
|
| 250 |
|
|
|a 2nd ed.
|
| 256 |
|
|
|a Computer document.
|
| 260 |
|
|
|a Philadelphia, Pa. :
|b Wharton Digital Press,
|c c2012
|
| 300 |
|
|
|a 125 p. :
|b ill. ;
|c 20 cm.
|
| 490 |
1 |
|
|a Wharton executive essentials
|
| 500 |
|
|
|a Previous ed. published under title Wharton executive education customer centricity essentials. c2011.
|
| 500 |
|
|
|a Title from title screen.
|
| 504 |
|
|
|a Includes bibliographical references.
|
| 506 |
|
|
|a Access restricted to authorized subscribers.
|
| 516 |
|
|
|a Text.
|
| 530 |
|
|
|a Available also in a print ed.
|
| 538 |
|
|
|a Mode of access: World Wide Web.
|
| 541 |
|
|
|e 29037
|
| 550 |
|
|
|a Digitized and made available by: Books 24x7.com.
|
| 650 |
|
0 |
|a Customer relations
|x Management.
|9 9993
|
| 650 |
|
0 |
|a New products
|x Management.
|9 8880
|
| 650 |
|
0 |
|a Business planning.
|9 8806
|
| 650 |
|
0 |
|a Strategic planning.
|9 9994
|
| 650 |
|
7 |
|a Business planning
|2 fast
|9 8806
|
| 650 |
|
7 |
|a Customer relations
|x Management
|2 fast
|9 9995
|
| 650 |
|
7 |
|a New products
|x Management
|2 fast
|9 8880
|
| 650 |
|
7 |
|a Strategic planning
|2 fast
|9 9996
|
| 830 |
|
0 |
|a Wharton executive essentials.
|9 9997
|
| 856 |
4 |
0 |
|u http://resolver.library.cornell.edu/cgi-bin/EBookresolver?set=Books24x7&id=47593
|z Connect to full text.
|
| 942 |
|
|
|2 ddc
|c BK
|
| 999 |
|
|
|c 34128
|d 34128
|
| 952 |
|
|
|0 0
|1 0
|2 ddc
|4 0
|6 658_812000000000000_FAD
|7 0
|9 53257
|a BRACUL
|b BRACUL
|c GEN
|d 2015-03-21
|e Karim International
|g 1600.00
|l 1
|m 4
|o 658.812 FAD
|p 3010029037
|r 2025-08-12
|s 2025-07-03
|t 1
|w 2015-03-21
|y BK
|x Koha Inventory 2020
|
| 952 |
|
|
|0 0
|1 0
|2 ddc
|4 0
|6 658_812000000000000_FAD
|7 0
|9 53258
|a BRACUL
|b BRACUL
|c GEN
|d 2015-03-21
|e Karim International
|g 1600.00
|l 1
|m 3
|o 658.812 FAD
|p 3010029038
|q 2026-01-29
|r 2026-01-15
|s 2026-01-15
|t 2
|w 2015-03-21
|y BK
|